[Event "Sardinia World op-A"]
[Site "Orosei"]
[Date "2025.05.02"]
[Round "8"]
[White "Pecci, William"]
[Black "Destic, Elena"]
[Result "0-1"]
[WhiteElo "2105"]
[BlackElo "1939"]
[PlyCount "56"]
[EventDate "2025.04.27"]
[EventType "swiss"]
[EventRounds "9"]
[EventCountry "ITA"]
[SourceTitle "CB19_2025"]
[SourceDate "2025.05.07"]
[SourceVersion "1"]
[SourceVersionDate "2025.05.07"]
[SourceQuality "1"]

1. e4 c6 2. d4 d5 3. exd5 cxd5 4. Bd3 Nc6 5. c3 Nf6 6. Bf4 Bg4 7. Qb3 Qd7 8. Nd2 e6 9. Ngf3 Bd6 10. Bxd6 Qxd6 11. 0-0 0-0 12. Rae1 Bxf3 13. Nxf3 a6 14. Ne5 Na5 15. Qd1 b5 16. f4 Nc4 17. Qe2 Rac8 18. Rf3 Ne4 19. Nxc4 bxc4 20. Bxe4 dxe4 21. Qxe4 Rb8 22. Rf2 Rb5 23. Ree2 Rfb8 24. f5 exf5 25. Rxf5 Rxb2 26. Rxb2 Rxb2 27. Qa8+ Rb8 28. Rd5 Qb6 0-1

[Event "Imola op 3rd"]
[Site "Imola"]
[Date "2021.12.07"]
[Round "2"]
[White "Muraro, Alberto"]
[Black "Pecci, William"]
[Result "1-0"]
[WhiteElo "1898"]
[BlackElo "1978"]
[PlyCount "61"]
[EventDate "2021.12.06"]
[EventType "swiss"]
[EventRounds "5"]
[EventCountry "ITA"]
[SourceTitle "CBM 205 Extra"]
[Source "ChessBase"]
[SourceDate "2022.01.31"]
[SourceVersion "1"]
[SourceVersionDate "2022.01.31"]
[SourceQuality "1"]

1. e4 e5 2. Nf3 Nc6 3. Bb5 a6 4. Ba4 g6 5. d4 b5 6. Bb3 exd4 7. Nxd4 Na5 8. 0-0 Bg7 9. c3 Nxb3 10. Nxb3 Ne7 11. a4 bxa4 12. Rxa4 0-0 13. Bg5 h6 14. Bh4 g5 15. Bg3 d6 16. N1d2 Nc6 17. Nf3 Rb8 18. h4 g4 19. Nfd4 Nxd4 20. Nxd4 Rxb2 21. Nf5 Bxf5 22. exf5 h5 23. f3 gxf3 24. Qxf3 Qa8 25. f6 Bh6 26. Re4 Qb7 27. Bf4 Kh8 28. Bxh6 Rb8 29. Qg3 Rg8 30. Bg7+ Kh7 31. Qf4 1-0

[Event "Porto San Giorgio op"]
[Site "Porto San Giorgio"]
[Date "2019.08.24"]
[Round "1"]
[White "Pecci, William"]
[Black "Bettalli, Francesco"]
[Result "0-1"]
[WhiteElo "1973"]
[BlackElo "2194"]
[PlyCount "60"]
[EventDate "2019.08.24"]
[EventType "swiss"]
[EventRounds "9"]
[EventCountry "ITA"]
[SourceTitle "EXT 2020"]
[Source "ChessBase"]
[SourceDate "2019.10.17"]
[SourceVersion "1"]
[SourceVersionDate "2019.10.17"]
[SourceQuality "1"]

1. d4 Nf6 2. g3 d5 3. c4 g6 4. Bg2 Bg7 5. Nc3 dxc4 6. Qa4+ Nbd7 7. Nf3 0-0 8. Qxc4 Nb6 9. Qd3 c6 10. 0-0 Re8 11. Ne5 Ng4 12. Nxg4 Bxg4 13. Rd1 Qd7 14. f3 Be6 15. b3 Rad8 16. Be3 Bf5 17. Qd2 e5 18. d5 Nxd5 19. Nxd5 cxd5 20. Bxa7 d4 21. Rac1 Qb5 22. Rc5 Qa6 23. Ra5 Qd6 24. Bc5 Qc7 25. Qb4 Bh6 26. Ra7 Rc8 27. Bd6 Qc2 28. Rf1 Be3+ 29. Kh1 d3 30. Qxb7 Bxa7 0-1

[Event "Ascoli op 3rd"]
[Site "Ascoli"]
[Date "2019.06.02"]
[Round "5"]
[White "Pecci, William"]
[Black "Piangerelli, Michele"]
[Result "1/2-1/2"]
[WhiteElo "1991"]
[BlackElo "1867"]
[PlyCount "39"]
[EventDate "2019.05.31"]
[EventType "swiss"]
[EventRounds "5"]
[EventCountry "ITA"]
[SourceTitle "EXT 2020"]
[Source "ChessBase"]
[SourceDate "2019.10.17"]
[SourceVersion "1"]
[SourceVersionDate "2019.10.17"]
[SourceQuality "1"]

1. e4 c5 2. Nf3 e6 3. c3 d5 4. exd5 exd5 5. d4 Nc6 6. Bb5 a6 7. Bxc6+ bxc6 8. 0-0 Be7 9. Bf4 Nf6 10. dxc5 Bxc5 11. Re1+ Ne4 12. Nd4 0-0 13. Nd2 Nxf2 14. Kxf2 Qh4+ 15. Bg3 Bxd4+ 16. cxd4 Qxd4+ 17. Kf1 a5 18. Bf2 Qxb2 19. Qc1 Qf6 20. Qd1 1/2-1/2